000
00341nam a2200133Ia 4500
008
230818s1998 xx 000 0 und d
041
_a
eng
100
_a
Ojugo C.
245
_a
Practical Food & Beverage cost control
260
_b
Dclmar pub.
_c
1998
300
_a
404p
520
_a
Hard Board | Reference Copy
999
_c
854759
_d
854759
650
_a
Food Production